00748nam a22002057a 450000500170000000800410001702000180005804000480007604100080012410000240013224500950015626000420025130000260029349000440031950400410036365000520040465000310045665000380048770000170052520220221110516.0220221s2018 enk |||gr|||| 00| 0 eng d a9780198729037 aCO-BoUCMbspacDeissy GarciadDeissy Garcia0 aeng1 aCommission, Jeffery10aProcedural issues in international investment arbitrationcJeffery Commission, Rahim Moloo aOxfordbOxford University Pressc2018 alxxvii, 385 páginas0 aOxford international arbitration series aIncluye referencias bibliográficas 7aInversiones extranjeras (Derecho internacional) 7aInversionesxLegislación 7aArbitraje comercial internacional1 aMoloo, Rahim